00282nam a22000857a 4500008004100000010001700041245007200058260002300130500004300153150713b xxu||||| |||| 00| 0 eng d 8HCCRSARF:025 aHIGH COURT CRIMINAL SESSION NO.199 OF 1974 Uganda Vs Ahamada Mukasa aHigh Court Kampala 3BEFORE: Hon. Mr. Justice F.K. Butagira